ბათუმის შოთა რუსთაველის სახელმწიფო უნივერსიტეტის ბიბლიოთეკა

Формирование и обрезка плодовых деревьев (ბიბ.ჩანაწერი № 45800)

000 -LEADER
fixed length control field 00673nam a2200217Ia 4500
001 - CONTROL NUMBER
control field 12628
003 - CONTROL NUMBER IDENTIFIER
control field GE_BSU
008 - FIXED-LENGTH DATA ELEMENTS--GENERAL INFORMATION
fixed length control field 181216s||||||||xx |||||||||||||| ||und||
040 ## - CATALOGING SOURCE
Transcribing agency GE_BSU
080 ## - UNIVERSAL DECIMAL CLASSIFICATION NUMBER
Universal Decimal Classification number 634.1/7:631.5.42(084)
100 ## - MAIN ENTRY--PERSONAL NAME
Personal name Кудрявец,Р.П
245 ## - TITLE STATEMENT
Title Формирование и обрезка плодовых деревьев
245 ## - TITLE STATEMENT
Statement of responsibility, etc. Ред.Боброва
260 ## - PUBLICATION, DISTRIBUTION, ETC.
Place of publication, distribution, etc. Москва
260 ## - PUBLICATION, DISTRIBUTION, ETC.
Name of publisher, distributor, etc. Колос
260 ## - PUBLICATION, DISTRIBUTION, ETC.
Date of publication, distribution, etc. 1976
300 ## - PHYSICAL DESCRIPTION
Extent 164стр.илл.27см.
300 ## - PHYSICAL DESCRIPTION
Accompanying material Предметный указатель стр.161
653 ## - INDEX TERM--UNCONTROLLED
Uncontrolled term Формирование и обрезка плодовых деревьев
942 ## - ADDED ENTRY ELEMENTS (KOHA)
Koha item type წიგნი
ეგზემპლარები
Withdrawn status Lost status Damaged status Not for loan Date acquired Barcode Date last seen Price effective from Koha item type
        2018-12-17 20586 2018-12-17 2018-12-17 წიგნი